Geography of India / (Record no. 397)

000 -LEADER
fixed length control field 00500nam a2200169Ia 4500
008 - FIXED-LENGTH DATA ELEMENTS--GENERAL INFORMATION
fixed length control field 190805s9999||||xx |||||||||||||| ||und||
020 ## - INTERNATIONAL STANDARD BOOK NUMBER
International Standard Book Number 9789352606221
Terms of availability Rs. 745.00
082 04 - DEWEY DECIMAL CLASSIFICATION NUMBER
Classification number 915.4
Item number H95
100 1# - MAIN ENTRY--PERSONAL NAME
Personal name Husain,Majid
245 10 - TITLE STATEMENT
Title Geography of India /
250 ## - EDITION STATEMENT
Edition statement 7th ed.
260 ## - PUBLICATION, DISTRIBUTION, ETC. (IMPRINT)
Place of publication, distribution, etc Chennai :
Name of publisher, distributor, etc McGraw Hill Education India Pvt. Ltd.,
Date of publication, distribution, etc 2018
300 ## - PHYSICAL DESCRIPTION
Extent various paginations
Other physical details : ill., maps
Dimensions ; 24 cm.
650 #0 - SUBJECT ADDED ENTRY--TOPICAL TERM
Topical term or geographic name as entry element Physical geography
852 ## - LOCATION/CALL NUMBER
Location
942 ## - ADDED ENTRY ELEMENTS (KOHA)
Item type Books
Holdings
Withdrawn status Lost status Source of classification or shelving scheme Damaged status Not for loan Collection code Permanent location Current location Shelving location Date acquired Source of acquisition Cost, normal purchase price Total Checkouts Full call number Barcode Date last seen Date last borrowed Koha item type Public note
          Non-fiction IMU Kochi Library IMU Kochi Library General Stacks 2019-06-19 Educational Supplies 745.00 7 915.4 H95 BK005561 2025-09-24 2025-09-10 Books Shelf-19, Row-2


Copyright © All Rights Reserved by Indian Maritime University, Kochi Campus.
For any Suggestions/Query Contact to library or Email: library.kochi@imu.ac.in Ph:(0484)-2989402
(Web OPAC Designed by Rudra Ranjan. Maintained by IMU Kochi Library)

Powered by Koha